00870 2200313 4500001002100000005001500021035002000036007000300056040001700059100002700076245007400103250001200177020002200189041000800211090002000219264003600239336002100275337003000296338002300326650001100349700003100360850001000391008004100401504002600442990002200468990002200490990002200512990002200534INLIS00000000000891020260513022012 a0010-1022000285ta aSBPUPADbind0 aBayu Satya;ePengarang1 aTeknik Gitar Blues, Rock N Roll /cBayu Satya; Editor; Arie Prabawati a.-cet.1 a978-979-29-2174-8 aind a985 MAC h 25-17 a.--Yogyakarta :bCV.ANDI,c2014 2rdacontentateks 2rdamediaatanpa perantara 2rdacarrieravolume 4aMusik/ aArie Prabawati;ePengarang aPUPAD260513 0  abibiliografi, 195 hlm a27.732/H/DPK/2018 a27.751/H/DPK/2018 a27.753/H/DPK/2018 a27.750/H/DPK/2018